[Event "Catalunya-chT Gp2"]
[Site "Barcelona"]
[Date "2023.02.25"]
[Round "6.9"]
[White "Colls Gelaberto, Emilio"]
[Black "Pinyol I Llora, Julia"]
[Result "1/2-1/2"]
[WhiteElo "2074"]
[BlackElo "1795"]
[PlyCount "146"]
[EventDate "2023.01.21"]
[EventType "team-tourn"]
[EventRounds "7"]
[EventCountry "ESP"]
[SourceTitle "CBM 213 Extra"]
[Source "ChessBase"]
[SourceDate "2023.05.31"]
[SourceVersion "1"]
[SourceVersionDate "2023.05.31"]
[SourceQuality "1"]
[WhiteTeam "Figueres"]
[BlackTeam "Cerdanyola Valles"]
[WhiteTeamCountry "ESP"]
[BlackTeamCountry "ESP"]

1. d4 d5 2. c4 e6 3. Nf3 c6 4. g3 Nf6 5. Bg2 Be7 6. 0-0 0-0 7. Qc2 b6 8. Nbd2 Bb7 9. e4 dxc4 10. e5 Nd5 11. Nxc4 Nd7 12. a3 Rc8 13. b4 c5 14. dxc5 bxc5 15. b5 a6 16. a4 axb5 17. axb5 N7b6 18. Na5 Ba8 19. Bd2 Qd7 20. Qb1 h6 21. Rd1 Rc7 22. Ne1 Rfc8 23. Nc2 Qe8 24. Rc1 Rb8 25. Na3 Rcc8 26. Bf1 Nc7 27. N5c4 Nxc4 28. Bxc4 Nd5 29. Bf1 h5 30. Ra2 Qd7 31. Rb2 Nb4 32. Be2 Qd5 33. f3 Qxe5 34. Kf1 Bg5 35. Nc4 Qd5 36. Ne3 Qb7 37. Kf2 Bf6 38. Rb3 Nd5 39. Nc4 Bd4+ 40. Kg2 Rd8 41. Na5 Qd7 42. Bg5 Re8 43. Nc6 Bxc6 44. bxc6 Qc7 45. Bb5 Rb6 46. Bd2 Ra8 47. Qd3 Ne7 48. Be3 e5 49. Rxc5 Bxc5 50. Bxc5 Ra2+ 51. Kg1 Nxc6 52. Rc3 Nd8 53. Bf2 Qd6 54. Qc4 Rb8 55. Qxa2 Rxb5 56. Qa4 Rb1+ 57. Kg2 Qe6 58. Qa8 Rd1 59. Rc8 Qd6 60. Qb8 Qxb8 61. Rxb8 Kh7 62. h4 Ne6 63. Rb2 Rd3 64. Re2 Rd5 65. Be3 Kg6 66. g4 Nd4 67. Rd2 Rd8 68. Kg3 Ne6 69. Ra2 Rd3 70. Kf2 Rb3 71. Rd2 Rb4 72. Kg3 Rb3 73. Kf2 Rb4 1/2-1/2

[Event "Catalunya-chT Gp2"]
[Site "Barcelona"]
[Date "2020.01.25"]
[Round "2.10"]
[White "Arza Garcia, Raul"]
[Black "Colls Gelaberto, Emilio"]
[Result "1/2-1/2"]
[WhiteElo "2020"]
[BlackElo "2067"]
[PlyCount "108"]
[EventDate "2020.01.18"]
[EventType "team-tourn"]
[EventRounds "7"]
[EventCountry "ESP"]
[SourceTitle "CBM 194 Extra"]
[Source "ChessBase"]
[SourceDate "2020.03.31"]
[SourceVersion "1"]
[SourceVersionDate "2020.03.31"]
[SourceQuality "1"]
[WhiteTeam "Colon Ateneu"]
[BlackTeam "Figueres"]
[WhiteTeamCountry "ESP"]
[BlackTeamCountry "ESP"]

1. Nf3 Nf6 2. c4 c5 3. g3 b6 4. Bg2 Bb7 5. 0-0 g6 6. b3 Bg7 7. Bb2 0-0 8. Nc3 Nc6 9. d4 Nxd4 10. Nxd4 Bxg2 11. Kxg2 cxd4 12. Qxd4 d6 13. Nd5 Ne8 14. Qd2 Bxb2 15. Qxb2 Nc7 16. Rad1 Nxd5 17. Rxd5 Rc8 18. e4 Rc5 19. Rfd1 Qa8 20. f3 f6 21. Qd4 Rfc8 22. g4 Qc6 23. h4 b5 24. Rxc5 Qxc5 25. cxb5 Qxb5 26. Rd2 Qc5 27. Qxc5 Rxc5 28. Kf2 h5 29. gxh5 Rxh5 30. Rd5 Rxh4 31. Ra5 g5 32. Rxa7 Kf7 33. Kg3 Rh1 34. a4 Rb1 35. Rb7 Ra1 36. Rb5 e6 37. a5 Kg6 38. b4 f5 39. exf5+ exf5 40. Rd5 Ra2 41. Rxd6+ Kh5 42. Rd8 f4+ 43. Kh3 Rf2 44. Rh8+ Kg6 45. a6 Rxf3+ 46. Kg2 Ra3 47. b5 g4 48. b6 Ra2+ 49. Kf1 Ra1+ 50. Ke2 f3+ 51. Kf2 Ra2+ 52. Ke3 f2 53. Rf8 Rxa6 54. Kxf2 Rxb6 1/2-1/2

[Event "Miquel Mas op 20th"]
[Site "Castell de Sant Ferran"]
[Date "2019.08.20"]
[Round "9"]
[White "Colls Gelaberto, Emilio"]
[Black "Parramon Ros, Francesco"]
[Result "0-1"]
[WhiteElo "2081"]
[BlackElo "2012"]
[PlyCount "68"]
[EventDate "2019.08.13"]
[EventType "swiss"]
[EventRounds "9"]
[EventCountry "ESP"]
[SourceTitle "EXT 2020"]
[Source "ChessBase"]
[SourceDate "2019.10.17"]
[SourceVersion "1"]
[SourceVersionDate "2019.10.17"]
[SourceQuality "1"]

1. Nf3 g6 2. c4 Bg7 3. e4 c5 4. d4 cxd4 5. Nxd4 Nc6 6. Be3 Nf6 7. Nc3 0-0 8. Be2 d6 9. 0-0 Bd7 10. Qd2 Re8 11. f3 Rc8 12. Rfd1 Qc7 13. Rac1 Qb8 14. b3 Nxd4 15. Bxd4 b6 16. Nd5 e5 17. Be3 Nxd5 18. cxd5 Rxc1 19. Rxc1 Rc8 20. Ba6 Rxc1+ 21. Qxc1 f5 22. a4 f4 23. Bf2 Bf6 24. Be1 Bd8 25. Kf2 b5 26. axb5 Qb6+ 27. Ke2 Qg1 28. Qd1 Qe3+ 29. Kf1 Bb6 30. Bh4 g5 31. Be1 Qg1+ 32. Ke2 Qe3+ 33. Kf1 g4 34. Bh4 g3 0-1

[Event "Santa Eugenia op 14th"]
[Site "Girona"]
[Date "2019.08.01"]
[Round "7"]
[White "Farre I Benseny, Miquel"]
[Black "Colls Gelaberto, Emilio"]
[Result "0-1"]
[WhiteElo "1783"]
[BlackElo "2102"]
[PlyCount "72"]
[EventDate "2019.07.29"]
[EventType "swiss"]
[EventRounds "9"]
[EventCountry "ESP"]
[SourceTitle "EXT 2020"]
[Source "ChessBase"]
[SourceDate "2019.10.17"]
[SourceVersion "1"]
[SourceVersionDate "2019.10.17"]
[SourceQuality "1"]

1. e4 d6 2. d4 Nf6 3. Nc3 e5 4. dxe5 dxe5 5. Bg5 Be7 6. Qxd8+ Bxd8 7. 0-0-0 Be6 8. f4 exf4 9. e5 Nfd7 10. Bxf4 g5 11. Be3 Nc6 12. Nf3 Ncxe5 13. Nxg5 Ng4 14. Nxe6 Nxe3 15. Re1 fxe6 16. Rxe3 Bg5 17. Kd2 0-0-0 18. Ke2 Bxe3 19. Kxe3 Nf6 20. Nb5 a6 21. Na3 Rd1 22. Nc4 Rhd8 23. g3 Re1+ 24. Kf3 Rdd1 25. Ne3 Ra1 26. a3 Kd8 27. c3 Nd5 28. Nxd5 Rxf1+ 29. Rxf1 Rxf1+ 30. Kg2 Rb1 31. Nf6 Rxb2+ 32. Kh3 Rb3 33. Nxh7 Rxa3 34. Ng5 Ke7 35. Ne4 a5 36. g4 a4 0-1

[Event "Sant Gregori op 4th"]
[Site "Sant Gregori"]
[Date "2019.07.12"]
[Round "5.1"]
[White "Castrillon Otero, Javier"]
[Black "Colls Gelaberto, Emilio"]
[Result "1-0"]
[WhiteElo "1987"]
[BlackElo "2102"]
[PlyCount "127"]
[EventDate "2019.07.08"]
[EventType "swiss"]
[EventRounds "7"]
[EventCountry "ESP"]
[SourceTitle "EXT 2024"]
[Source "ChessBase"]
[SourceDate "2023.10.10"]
[SourceVersion "1"]
[SourceVersionDate "2023.10.10"]
[SourceQuality "1"]

1. d4 Nf6 2. c4 g6 3. Nc3 Bg7 4. e4 d6 5. h3 0-0 6. Nf3 e5 7. d5 Nh5 8. g3 f5 9. exf5 gxf5 10. Nh4 Nf6 11. Bg5 Na6 12. a3 Qe8 13. Bd3 e4 14. Be2 Nc5 15. 0-0 a5 16. Nb5 Na6 17. Nd4 f4 18. Bxf4 Bxh3 19. Re1 Qd7 20. Ng2 Nc5 21. Ne3 h5 22. Nb3 b6 23. Nxc5 bxc5 24. Rb1 Ng4 25. Nxg4 hxg4 26. Qd2 a4 27. Bd1 Rfe8 28. Bc2 Qf5 29. Re2 Bd4 30. Rbe1 Rab8 31. Bxe4 Rxe4 32. Rxe4 Rxb2 33. Re8+ Kf7 34. R1e7+ Kg6 35. Rg8+ Kh5 36. Rg5+ Qxg5 37. Bxg5 Rxd2 38. Bxd2 Bb2 39. Re6 Bg7 40. Bc1 Bf8 41. Re8 Bg7 42. Re7 Be5 43. Rxc7 Kg6 44. Ra7 Kf5 45. Rxa4 Ke4 46. Bf4 Bxf4 47. gxf4 Kxf4 48. Ra6 Ke5 49. Rb6 g3 50. fxg3 Bf5 51. Rb3 Kd4 52. Rf3 Bd3 53. Rf4+ Kc3 54. g4 Bxc4 55. g5 Bxd5 56. a4 c4 57. a5 Kb2 58. Rd4 Bf7 59. Rxd6 c3 60. a6 c2 61. Rd2 Kc3 62. Rxc2+ Kxc2 63. a7 Bd5 64. g6 1-0

[Event "Catalunya-chT Gp1"]
[Site "Barcelona"]
[Date "2019.02.16"]
[Round "5.8"]
[White "Colls Gelaberto, Emilio"]
[Black "Garcia Ramos, Daniel"]
[Result "1/2-1/2"]
[WhiteElo "2086"]
[BlackElo "2310"]
[PlyCount "113"]
[EventDate "2019.01.19"]
[EventType "team-tourn"]
[EventRounds "7"]
[EventCountry "ESP"]
[SourceTitle "CBM 189 Extra"]
[Source "ChessBase"]
[SourceDate "2019.06.03"]
[SourceVersion "1"]
[SourceVersionDate "2019.06.03"]
[SourceQuality "1"]
[WhiteTeam "Figueres"]
[BlackTeam "Colon Sabadell"]
[WhiteTeamCountry "ESP"]
[BlackTeamCountry "ESP"]

1. d4 Nf6 2. Nf3 b6 3. g3 Bb7 4. Bg2 e6 5. 0-0 Be7 6. c4 0-0 7. Nc3 Ne4 8. Qc2 Nxc3 9. Qxc3 d6 10. b3 a5 11. Bb2 f5 12. a3 Bf6 13. Rfd1 Qe7 14. Rd2 Nd7 15. Rad1 Rab8 16. Ne1 Bxg2 17. Nxg2 Nc5 18. Qc2 Ne4 19. Rd3 b5 20. f3 bxc4 21. bxc4 Nc5 22. R3d2 Nb3 23. Rd3 a4 24. Bc3 Qf7 25. f4 c5 26. dxc5 Bxc3 27. Rxc3 Qa7 28. Qd3 Nxc5 29. Qe3 Qc7 30. Qd4 Ne4 31. Rcd3 Qb7 32. Nh4 Qb2 33. Kf1 Qxd4 34. Rxd4 Rb3 35. R4d3 Rc8 36. Nf3 Rxc4 37. Nd4 Rxd3 38. Rxd3 Kf7 39. Nb5 Ke7 40. Rd4 Rxd4 41. Nxd4 Nd2+ 42. Kf2 Nc4 43. Nb5 d5 44. Nc3 Kd6 45. Nxa4 d4 46. e3 e5 47. fxe5+ Kxe5 48. exd4+ Kxd4 49. Kf3 g5 50. h3 h6 51. Ke2 Nd6 52. Nb6 g4 53. hxg4 fxg4 54. Kf2 Nf5 55. a4 Kc5 56. Nd7+ Kb4 57. Nf6 1/2-1/2

[Event "Figueres op 8th"]
[Site "Figueres"]
[Date "2018.12.28"]
[Round "3.1"]
[White "Colls Gelaberto, Emilio"]
[Black "Pau Plana, Albert"]
[Result "1-0"]
[WhiteElo "2086"]
[BlackElo "1989"]
[PlyCount "41"]
[EventDate "2018.12.27"]
[EventType "swiss"]
[EventRounds "8"]
[EventCountry "ESP"]
[SourceTitle "EXT 2024"]
[Source "ChessBase"]
[SourceDate "2023.10.10"]
[SourceVersion "1"]
[SourceVersionDate "2023.10.10"]
[SourceQuality "1"]

1. d4 d5 2. c4 e6 3. Nf3 Nf6 4. g3 dxc4 5. Bg2 Bb4+ 6. Bd2 Bd6 7. Qa4+ Bd7 8. Qxc4 Bc6 9. Nc3 Nbd7 10. 0-0 0-0 11. Rfe1 Ne4 12. Rad1 Ndf6 13. Bc1 Nxc3 14. Qxc3 Ne4 15. Qc2 Qf6 16. Rf1 Qf5 17. Qd3 Qh5 18. Ne5 Bxe5 19. Bxe4 Rad8 20. Bxc6 Rxd4 21. Qf3 1-0

[Event "Miquel Mas op 19th"]
[Site "Castell de Sant Ferran"]
[Date "2018.08.16"]
[Round "9"]
[White "Touzane, Olivier"]
[Black "Colls Gelaberto, Emilio"]
[Result "1/2-1/2"]
[WhiteElo "2301"]
[BlackElo "2093"]
[PlyCount "46"]
[EventDate "2018.08.09"]
[EventType "swiss"]
[EventRounds "9"]
[EventCountry "ESP"]
[SourceTitle "CBM 186 Extra"]
[Source "ChessBase"]
[SourceDate "2018.08.24"]
[SourceVersion "1"]
[SourceVersionDate "2018.08.24"]
[SourceQuality "1"]

1. d4 Nf6 2. Bf4 d5 3. e3 Bf5 4. c4 c6 5. Nc3 Qb6 6. Qb3 dxc4 7. Bxc4 e6 8. Nf3 Nbd7 9. h3 Be7 10. 0-0 Qxb3 11. Bxb3 0-0 12. g4 Bg6 13. Nh4 Bd3 14. Rfd1 Ba6 15. Bg3 Rfd8 16. e4 Nb6 17. Nf3 Bc4 18. Bh4 Kf8 19. Bc2 h6 20. Ne5 Ba6 21. f4 c5 22. dxc5 Bxc5+ 23. Bf2 Bxf2+ 1/2-1/2

[Event "Santa Eugenia op 13th"]
[Site "Santa Eugenia"]
[Date "2018.07.31"]
[Round "3"]
[White "Colls Gelaberto, Emilio"]
[Black "Cuerda Quintana, Antoni"]
[Result "1-0"]
[WhiteElo "2093"]
[BlackElo "1391"]
[PlyCount "43"]
[EventDate "2018.07.30"]
[EventType "swiss"]
[EventRounds "9"]
[EventCountry "ESP"]
[SourceTitle "CBM 185 Extra"]
[Source "ChessBase"]
[SourceDate "2018.07.29"]
[SourceVersion "1"]
[SourceVersionDate "2018.07.29"]
[SourceQuality "1"]

1. Nf3 Nc6 2. d4 d6 3. e4 e5 4. dxe5 dxe5 5. Qxd8+ Kxd8 6. Bc4 f6 7. Be3 Bg4 8. Nbd2 Kd7 9. 0-0-0 Rd8 10. h3 Bxf3 11. Nxf3+ Bd6 12. c3 Nge7 13. Rd2 f5 14. Ng5 Rb8 15. exf5 Rhf8 16. Be6+ Ke8 17. Nxh7 Rh8 18. Ng5 Nd8 19. g4 Nxe6 20. Nxe6 g6 21. f6 Kd7 22. Nc5+ 1-0

[Event "Catalunya-chT Gp1"]
[Site "Barcelona"]
[Date "2018.02.10"]
[Round "4.8"]
[White "Colls Gelaberto, Emilio"]
[Black "Subirachs Mancebo, Guillem"]
[Result "1/2-1/2"]
[WhiteElo "2093"]
[BlackElo "2101"]
[PlyCount "143"]
[EventDate "2018.01.20"]
[EventType "team-tourn"]
[EventRounds "7"]
[EventCountry "ESP"]
[SourceTitle "CBM 182 Extra"]
[Source "ChessBase"]
[SourceDate "2018.02.23"]
[SourceVersion "1"]
[SourceVersionDate "2018.02.23"]
[SourceQuality "1"]
[WhiteTeam "Figueres"]
[BlackTeam "Peona I Peo"]
[WhiteTeamCountry "ESP"]
[BlackTeamCountry "ESP"]

1. Nf3 d5 2. d4 Nf6 3. c4 c6 4. e3 e6 5. Bd3 Nbd7 6. Nc3 dxc4 7. Bxc4 b5 8. Bd3 Bd6 9. e4 e5 10. 0-0 0-0 11. Bg5 a6 12. a4 b4 13. Nb1 h6 14. Bh4 Qe7 15. Bg3 c5 16. d5 c4 17. Bxc4 Nxe4 18. Re1 Ndc5 19. Nbd2 Bf5 20. Nxe4 Bxe4 21. Qe2 Rfe8 22. Nd2 Bg6 23. Nb3 Nxb3 24. Bxb3 f5 25. Rac1 Bf7 26. f3 Bc5+ 27. Bf2 Bxf2+ 28. Kxf2 e4 29. fxe4 Qh4+ 30. Kg1 Rxe4 31. Qf2 Qxf2+ 32. Kxf2 Rxe1 33. Rxe1 Kf8 34. Re5 g6 35. Ke3 Rc8 36. Kd3 Rc1 37. Bc4 Rd1+ 38. Ke3 a5 39. b3 Kg7 40. Ke2 Rd4 41. Re7 Kf6 42. Rd7 f4 43. g3 g5 44. Rd6+ Ke5 45. Ra6 Bh5+ 46. Ke1 Rd1+ 47. Kf2 Rd2+ 48. Kg1 Ke4 49. Rxh6 Bg4 50. gxf4 gxf4 51. h3 Bc8 52. Rh8 Bd7 53. Rh7 Bf5 54. Rh5 Rd1+ 55. Kf2 Rd2+ 56. Kg1 Bd7 57. Rh7 Bc8 58. Rh8 Bb7 59. Rb8 Bxd5 60. Rd8 Bxc4 61. Rxd2 Bxb3 62. Rd7 Bxa4 63. Ra7 b3 64. h4 Bc6 65. Ra6 Kd5 66. Rxa5+ Kc4 67. Ra1 b2 68. Re1 Kc3 69. h5 Be4 70. Kf2 b1Q 71. Rxb1 Bxb1 72. Kf3 1/2-1/2

[Event "Catalunya-chT Gp1"]
[Site "Barcelona"]
[Date "2018.01.27"]
[Round "2.7"]
[White "Bofill Mas, Alejandro"]
[Black "Colls Gelaberto, Emilio"]
[Result "1-0"]
[WhiteElo "2320"]
[BlackElo "2093"]
[PlyCount "137"]
[EventDate "2018.01.20"]
[EventType "team-tourn"]
[EventRounds "7"]
[EventCountry "ESP"]
[SourceTitle "CBM 182 Extra"]
[Source "ChessBase"]
[SourceDate "2018.02.23"]
[SourceVersion "1"]
[SourceVersionDate "2018.02.23"]
[SourceQuality "1"]
[WhiteTeam "Colon Sabadell"]
[BlackTeam "Figueres"]
[WhiteTeamCountry "ESP"]
[BlackTeamCountry "ESP"]

1. c4 c5 2. g3 Nf6 3. Bg2 d5 4. cxd5 Nxd5 5. Nc3 Nc7 6. Nf3 Nc6 7. 0-0 e5 8. a3 Be7 9. b4 f6 10. Rb1 Bf5 11. b5 Nd4 12. d3 Be6 13. Nd2 Rb8 14. Nc4 Nd5 15. Bb2 0-0 16. Nxd5 Bxd5 17. Bxd5+ Qxd5 18. e4 Qd7 19. Bxd4 Qxd4 20. Ne3 Rfd8 21. Nd5 Rxd5 22. exd5 Qxd5 23. Qa4 Ra8 24. Rfd1 Kf7 25. Qe4 Qxe4 26. dxe4 Ke6 27. Rbc1 Rc8 28. Rc4 Bd8 29. Kf1 Bb6 30. Ke2 g6 31. f3 Rc7 32. Rd5 h5 33. Kd3 f5 34. Rc2 Rg7 35. a4 f4 36. Ke2 g5 37. gxf4 gxf4 38. Rcd2 Bc7 39. Rxc5 Bb6 40. Rcd5 Bd4 41. R2xd4 exd4 42. Kd3 Rg2 43. Rxh5 Rg1 44. Rh6+ Ke5 45. Rh5+ Ke6 46. Kxd4 Rd1+ 47. Kc4 Rf1 48. Rh3 Ra1 49. Rh6+ Ke5 50. Rh5+ Ke6 51. Rf5 Rxa4+ 52. Kb3 Ra5 53. Kb4 Ra2 54. h4 Rh2 55. Rxf4 Rh1 56. Rg4 Rh3 57. Rf4 Rh1 58. Kc4 Rg1 59. Kd3 Rd1+ 60. Ke2 Rh1 61. Kf2 Ke5 62. Rf5+ Kd4 63. Rd5+ Kc4 64. h5 a5 65. bxa6 bxa6 66. Ra5 Kd4 67. Rxa6 Rxh5 68. Rd6+ Kc5 69. Rd1 1-0

[Event "Catalunya-chT Gp1"]
[Site "Barcelona"]
[Date "2018.01.20"]
[Round "1.9"]
[White "Colls Gelaberto, Emilio"]
[Black "Masague Artero, Guerau"]
[Result "1-0"]
[WhiteElo "2093"]
[BlackElo "2042"]
[PlyCount "139"]
[EventDate "2018.01.20"]
[EventType "team-tourn"]
[EventRounds "7"]
[EventCountry "ESP"]
[SourceTitle "CBM 182 Extra"]
[Source "ChessBase"]
[SourceDate "2018.02.23"]
[SourceVersion "1"]
[SourceVersionDate "2018.02.23"]
[SourceQuality "1"]
[WhiteTeam "Figueres"]
[BlackTeam "Lleida"]
[WhiteTeamCountry "ESP"]
[BlackTeamCountry "ESP"]

1. Nf3 c5 2. c4 Nc6 3. d4 cxd4 4. Nxd4 g6 5. e4 Bg7 6. Be3 Nf6 7. Nc3 0-0 8. Be2 d6 9. 0-0 Bd7 10. Qd2 Nxd4 11. Bxd4 Bc6 12. f3 Nd7 13. Be3 a5 14. b3 Nc5 15. Rab1 Be5 16. Rfd1 e6 17. Bd4 Qe7 18. Bxe5 dxe5 19. Qd6 Qxd6 20. Rxd6 Rfd8 21. Rbd1 Rxd6 22. Rxd6 Kf8 23. Kf2 Ke7 24. Rd2 f5 25. Ke3 Rd8 26. Rxd8 Kxd8 27. Bd3 Kc7 28. Bc2 Kd6 29. a3 b6 30. Nd1 b5 31. cxb5 Bxb5 32. g3 Bc6 33. Nf2 Na6 34. Kd2 Nc7 35. Bd3 Bb5 36. b4 axb4 37. axb4 Bxd3 38. Nxd3 Nb5 39. Nb2 Nd4 40. Nc4+ Kc6 41. Nxe5+ Kd6 42. Kd3 Nb5 43. Nc4+ Kc6 44. h4 Nc7 45. Na3 fxe4+ 46. fxe4 Ne8 47. Kd4 Nf6 48. Ke5 Nh5 49. g4 Ng3 50. Nc2 Kb5 51. Nd4+ Kxb4 52. Nxe6 Kc4 53. Nf8 Kd3 54. Nxh7 Nxe4 55. Nf8 Ke3 56. Nxg6 Kf3 57. g5 Ng3 58. Ne7 Kg4 59. g6 Nh5 60. Nf5 Kh3 61. Ke4 Kg4 62. Ke5 Kh3 63. Kd4 Kg4 64. Ke4 Nf6+ 65. Ke5 Nh5 66. Ke6 Kf4 67. g7 Kg4 68. Kf7 Nxg7 69. Kxg7 Kxf5 70. h5 1-0

[Event "EU-ch rapid"]
[Site "Katowice"]
[Date "2017.12.17"]
[Round "7"]
[White "Colls Gelaberto, Emilio"]
[Black "Georgiev, Kiril"]
[Result "1/2-1/2"]
[WhiteElo "2093"]
[BlackElo "2623"]
[PlyCount "138"]
[EventDate "2017.12.16"]
[EventType "swiss (rapid)"]
[EventRounds "11"]
[EventCountry "POL"]
[SourceTitle "CBM 182 Extra"]
[Source "ChessBase"]
[SourceDate "2018.02.23"]
[SourceVersion "1"]
[SourceVersionDate "2018.02.23"]
[SourceQuality "1"]

1. Nf3 Nf6 2. d4 g6 3. c4 Bg7 4. Nc3 d5 5. cxd5 Nxd5 6. e4 Nxc3 7. bxc3 c5 8. Be3 Qa5 9. Qd2 Nc6 10. Rc1 cxd4 11. cxd4 Qxd2+ 12. Kxd2 0-0 13. Bb5 f5 14. exf5 Bxf5 15. Bxc6 bxc6 16. Rxc6 Rab8 17. Rhc1 Rb2+ 18. Ke1 Rxa2 19. Rc7 Re8 20. Ne5 a5 21. Ra7 a4 22. Rcc7 Bf6 23. g4 Be6 24. g5 Bxe5 25. dxe5 Rb8 26. Rcb7 Rxb7 27. Rxb7 a3 28. Rxe7 Rb2 29. Bd4 Rb4 30. Rxe6 Rxd4 31. Ra6 Re4+ 32. Kf1 Rxe5 33. Rxa3 Rxg5 34. Ra7 Rg4 35. f3 Rg5 36. Kf2 h6 37. h4 Rf5 38. Kg3 Rf6 39. Rb7 Ra6 40. Rc7 Ra1 41. Rb7 Rg1+ 42. Kh2 Re1 43. Kg2 Rd1 44. Ra7 Rd2+ 45. Kg3 Rd5 46. Rb7 Rh5 47. Ra7 Rf5 48. Rb7 Rf7 49. Rxf7 Kxf7 50. h5 g5 51. f4 Kf6 52. fxg5+ Kxg5 53. Kh3 Kxh5 54. Kg3 Kg5 55. Kh3 h5 56. Kg3 h4+ 57. Kh3 Kh5 58. Kg2 Kg4 59. Kh2 Kf4 60. Kh3 Kg5 61. Kh2 Kh5 62. Kh3 Kg5 63. Kh2 Kf4 64. Kh3 Kg5 65. Kh2 Kg4 66. Kg2 h3+ 67. Kh2 Kh4 68. Kg1 Kg3 69. Kh1 h2 1/2-1/2

[Event "EU-ch rapid"]
[Site "Katowice"]
[Date "2017.12.17"]
[Round "10"]
[White "Shkapenko, Pavel"]
[Black "Colls Gelaberto, Emilio"]
[Result "1-0"]
[WhiteElo "2431"]
[BlackElo "2093"]
[PlyCount "79"]
[EventDate "2017.12.16"]
[EventType "swiss (rapid)"]
[EventRounds "11"]
[EventCountry "POL"]
[SourceTitle "CBM 182 Extra"]
[Source "ChessBase"]
[SourceDate "2018.02.23"]
[SourceVersion "1"]
[SourceVersionDate "2018.02.23"]
[SourceQuality "1"]

1. e4 c6 2. d4 d5 3. e5 Bf5 4. h4 h5 5. Bd3 Bxd3 6. Qxd3 e6 7. Bg5 Qb6 8. Nd2 c5 9. c4 Ne7 10. Ngf3 Nbc6 11. 0-0 cxd4 12. a3 0-0-0 13. cxd5 Rxd5 14. Nc4 Qc7 15. Nd6+ Rxd6 16. exd6 Qxd6 17. b4 Nf5 18. b5 Ne5 19. Qe4 Nxf3+ 20. Qxf3 Qd5 21. Qxd5 exd5 22. Bf4 Kd7 23. Rac1 Bd6 24. Bxd6 Kxd6 25. Rfd1 Re8 26. Kf1 Re7 27. g3 Rc7 28. Rxc7 Kxc7 29. Ke2 Kd6 30. Rc1 g6 31. Kd3 Kd7 32. a4 Kd6 33. Rc8 Kd7 34. Rf8 Ke6 35. Ra8 Kd6 36. Rxa7 Kc7 37. Ra8 Kb6 38. Rf8 Nd6 39. Kxd4 f5 40. Rf6 1-0

[Event "EU-ch blitz"]
[Site "Katowice"]
[Date "2017.12.15"]
[Round "18"]
[White "Janaszak, Dawid"]
[Black "Colls Gelaberto, Emilio"]
[Result "1-0"]
[WhiteElo "2372"]
[BlackElo "2093"]
[PlyCount "59"]
[EventDate "2017.12.15"]
[EventType "swiss (blitz)"]
[EventRounds "22"]
[EventCountry "POL"]
[SourceTitle "CBM 182 Extra"]
[Source "ChessBase"]
[SourceDate "2018.02.23"]
[SourceVersion "1"]
[SourceVersionDate "2018.02.23"]
[SourceQuality "1"]

1. d4 Nf6 2. Nc3 d5 3. Bf4 Bf5 4. f3 Bg6 5. h4 h5 6. Nb5 Na6 7. e3 c6 8. Nc3 Nc7 9. Bd3 Bxd3 10. Qxd3 e6 11. 0-0-0 Bd6 12. Nh3 Qe7 13. e4 Bxf4+ 14. Nxf4 dxe4 15. fxe4 Ng4 16. Qe2 0-0-0 17. Nxh5 Rxh5 18. Qxg4 Rdh8 19. Qxg7 Ne8 20. Qg3 Rxh4 21. Rhf1 R4h7 22. d5 Rg7 23. Qf2 Kb8 24. dxc6 bxc6 25. Kb1 Rhg8 26. g3 Nd6 27. Qc5 Nc8 28. Qxc6 Rxg3 29. Rd7 Qb4 30. Nb5 1-0